Random Atomic Number to Element - Statistics

General Stats
  • This quiz has been taken 1,190 times
  • The average score is 13 of 20
Answer Stats
# Element % Correct
1 Hydrogen
100%
3 Lithium
100%
6 Carbon
97%
7 Nitrogen
97%
4 Beryllium
95%
9 Fluorine
95%
2 Helium
95%
8 Oxygen
94%
5 Boron
90%
15 Phosphorus
86%
11 Sodium
84%
14 Silicon
83%
12 Magnesium
82%
10 Neon
82%
20 Calcium
81%
13 Aluminum
79%
17 Chlorine
78%
18 Argon
76%
44 Ruthenium
76%
33 Arsenic
75%
19 Potassium
75%
30 Zinc
75%
16 Sulfur
74%
55 Cesium
70%
79 Gold
70%
116 Livermorium
70%
21 Scandium
70%
22 Titanium
70%
23 Vanadium
70%
35 Bromine
69%
77 Iridium
69%
96 Curium
68%
42 Molybdenum
68%
117 Tennessine
68%
92 Uranium
68%
97 Berkelium
67%
48 Cadmium
67%
87 Francium
67%
32 Germanium
67%
49 Indium
67%
36 Krypton
66%
93 Neptunium
66%
118 Oganesson
66%
25 Manganese
65%
24 Chromium
64%
34 Selenium
64%
43 Technetium
64%
54 Xenon
64%
90 Thorium
63%
114 Flerovium
62%
113 Nihonium
62%
39 Yttrium
62%
56 Barium
61%
53 Iodine
61%
80 Mercury
61%
28 Nickel
61%
99 Einsteinium
60%
63 Europium
60%
51 Antimony
59%
107 Bohrium
59%
27 Cobalt
59%
82 Lead
59%
76 Osmium
59%
78 Platinum
59%
84 Polonium
59%
46 Palladium
58%
47 Silver
58%
95 Americium
57%
71 Lutetium
57%
61 Promethium
57%
50 Tin
57%
26 Iron
56%
101 Mendelevium
56%
41 Niobium
56%
59 Praseodymium
56%
38 Strontium
55%
67 Holmium
54%
70 Ytterbium
54%
110 Darmstadtium
53%
102 Nobelium
53%
86 Radon
53%
37 Rubidium
53%
73 Tantalum
53%
65 Terbium
53%
29 Copper
52%
88 Radium
52%
89 Actinium
51%
105 Dubnium
51%
109 Meitnerium
51%
100 Fermium
50%
72 Hafnium
50%
103 Lawrencium
50%
115 Moscovium
50%
60 Neodymium
50%
75 Rhenium
50%
45 Rhodium
49%
64 Gadolinium
48%
57 Lanthanum
48%
91 Protactinium
46%
62 Samarium
46%
74 Tungsten
46%
112 Copernicium
45%
111 Roentgenium
45%
40 Zirconium
45%
83 Bismuth
44%
58 Cerium
44%
68 Erbium
44%
66 Dysprosium
43%
108 Hassium
43%
98 Californium
42%
31 Gallium
42%
94 Plutonium
41%
69 Thulium
41%
81 Thallium
39%
104 Rutherfordium
37%
85 Astatine
34%
52 Tellurium
32%
106 Seaborgium
29%
No matching quizzes found
Score Distribution
Percent of People with Each Score
Percentile by Number Answered
Your Score History
You have not taken this quiz